| 000 | 01278nam a2200253 a 4500 | ||
|---|---|---|---|
| 001 | 000005024 | ||
| 005 | 20260420105426.0 | ||
| 008 | 090729s2004 dr 001 0 spa d | ||
| 020 | _a9789993404286 | ||
| 040 |
_aDO-SdBNP _bspa _cBNPHU |
||
| 082 |
_a345.0234 _bD812c, 2004 |
||
| 100 | 1 |
_aDuarte Canaán, Pedro J., _d1963- _96300 |
|
| 245 | 1 | 3 |
_aLa contumacia / _cPedro J. Duarte Canaán ; prólogo Ramón Horacio González Pérez. |
| 260 |
_aSanto Domingo : _bEdiciones Jurídicas Trajano Potentini, _c2004. |
||
| 300 |
_a84 p. ; _c21 cm. |
||
| 504 | _aBibliografía: p.83-84. | ||
| 505 | 0 |
_gIntroducción -- _gPrólogo / _rRamón Horacio González Pérez -- _tLa contumacia -- _tEl procedimiento de la contumacia -- _tEl juicio en contumacia -- _tLa contumacia y el recurso de oposición -- _tLa cancelación de la fianza como antesala al juicio en contumacia -- _tParangón de la contumacia dominicana con la francesa y la argentina -- _tJurisprudencia -- _gBibliografía. |
|
| 590 | _aInventariado,2018/DG | ||
| 650 | 0 |
_aRebeldía procesal (Derecho romano) _914473 |
|
| 650 | 4 |
_aProcedimiento penal _zRepública Dominicana _914474 |
|
| 650 | 4 |
_aRebeldía (derecho) _914475 |
|
| 700 | 1 |
_aGonzález Pérez, Ramón Horacio, _epról. _914476 |
|
| 910 | _aValidado. Control de calidad EMS | ||
| 999 |
_c4829 _d4829 |
||